MCU Secondary Antagonists - Statistics

General Stats
  • This quiz has been taken 24 times
  • The average score is 14 of 36
Answer Stats
Hint Answer % Correct
Iron Man 2 Justin Hammer
72%
Captain America: The First Avenger Arnim Zola
61%
Avengers: Infinity War Ebony Maw
61%
Thor Laufey
61%
Spider-Man: Homecoming Shocker
61%
The Incredible Hulk General Ross
56%
Guardians of the Galaxy Nebula
56%
Proxima Midnight
56%
Sandman
56%
Cull Obsidian
50%
Spider-Man: No Way Home Electro
50%
Captain America: Civil War Iron Man
50%
Lizard
50%
Avengers: Age of Ultron Wolfgang Von Strucker
50%
The Avengers Brainwashed Hawkeye
44%
Corvus Glaive
44%
Captain America: The Winter Soldier Crossbones
44%
Black Panther Ulysses Klaue
44%
Thor: The Dark World Kurse
39%
Guardians of the Galaxy Vol. 2 Ayesha
33%
Deadpool and Wolverine Paradox
33%
Taserface
33%
Black Panther: Wakanda Forever Attuma
28%
Black Panther
28%
Shang-Chi and the Legend of the Ten Rings Death Dealer
28%
Iron Man Raza
28%
Thor: Ragnarok Skurge
28%
Thor: Love and Thunder Zeus
28%
Guardians of the Galaxy Vol. 3 Adam Warlock
22%
Iron Man 3 Eric Savin
22%
Ant-Man and the Wasp: Quantumania M.O.D.O.K
22%
Ant-Man and the Wasp Sonny Burch
22%
Doctor Strange Lucian
17%
Ant-Man Mitchell Carson
17%
Spider-Man: Far From Home Elementals
11%
Avengers: Endgame Past Nebula
6%
No matching quizzes found
Score Distribution
Percent of People with Each Score
Percentile by Number Answered
Your Score History
You have not taken this quiz